Statistics for First Best Actress Oscar Winner Of Each Decade

Click here to take the quiz!

General Stats

  • This quiz has been taken 19 times
  • The average score is 7 of 11

Answer Stats

DecadeFilmAnswer% Correct
2000sErin BrockovichJulia Roberts
100%
2010sBlack SwanNatalie Portman
94%
1990sMiseryKathy Bates
88%
1980sCoal Miner's DaughterSissy Spacek
88%
2020sNomadlandFrances McDormand
82%
1960sButterfield 8Elizabeth Taylor
71%
1970sWomen In LoveGlenda Jackson
53%
1940sKitty FoyleGinger Rogers
41%
1950sBorn YesterdayJudy Holliday
41%
1920s7th HeavenJanet Gaynor
35%
1930sThe DivorceeNorma Shearer
35%

Score Distribution

Percentile by Number Answered

Percent of People with Each Score

Your Score History

You have not taken this quiz